Najnovšie vývojové tendencie štátnomonopolistického regulovania vo vyspelých kapitalistických krajinách syntetická priebežná správa o plnení čiastkovej výskumnej úlohy ŠPZV IX-2-5/03

Salvato in:
Dettagli Bibliografici
Natura: Libro
Lingua:slovacco
Pubblicazione: Bratislava VŠE 1987
Tags: Aggiungi Tag
Nessun Tag, puoi essere il primo ad aggiungerne!!

MARC

LEADER 00000nam a2200000 4500
001 c040686
005 20260325123442.3
041 0 |a slo 
044 |a SK 
245 1 0 |a Najnovšie vývojové tendencie štátnomonopolistického regulovania vo vyspelých kapitalistických krajinách  |b syntetická priebežná správa o plnení čiastkovej výskumnej úlohy ŠPZV IX-2-5/03 
264 1 |a Bratislava  |b VŠE  |c 1987 
300 |a Prer. s.